Normal view MARC view

Entry Personal Name

Number of records used in: 1

001 - CONTROL NUMBER

  • control field: 9368

003 - CONTROL NUMBER IDENTIFIER

  • control field: DLC

005 - DATE AND TIME OF LATEST TRANSACTION

  • control field: 20230826140623.0

008 - FIXED-LENGTH DATA ELEMENTS

  • fixed length control field: 061031n| acannaabn |a aaa c

010 ## - LIBRARY OF CONGRESS CONTROL NUMBER

  • LC control number: no2006132972

035 ## - SYSTEM CONTROL NUMBER

  • System control number: (OCoLC)oca07277690

040 ## - CATALOGING SOURCE

  • Original cataloging agency: SG-SiILA
  • Language of cataloging: eng
  • Transcribing agency: SG-SiILA

100 1# - HEADING--PERSONAL NAME

  • Personal name: Janakiramanan, Sundaram

400 0# - SEE FROM TRACING--PERSONAL NAME

  • Personal name: Sundaram Janakiramanan

400 1# - SEE FROM TRACING--PERSONAL NAME

  • Personal name: Janakiramanan, S.
  • Fuller form of name: (Sundaram)

670 ## - SOURCE DATA FOUND

  • Source citation: Derivative securities and risk management in Asia and Australia, c2007:
  • Information found: t.p. (Sundaram Janakiramanan; Singapore Management Univ.)

670 ## - SOURCE DATA FOUND

  • Source citation: OCLC, Oct. 31, 2006
  • Information found: (hdgs.: Janakiramanan, Sundaram; Jankiramanan, S. ; usages: Sundaram Janakiramanan; S. Janakiramanan)

Powered by Koha